|
|
|
|
| LEADER |
01123nam a2200289 a 4500 |
| 001 |
2814 |
| 003 |
BD-DhAAL |
| 008 |
090504s1985 sz a b o000 0 eng d |
| 999 |
|
|
|c 374
|d 374
|
| 010 |
|
|
|z 68000377
|
| 020 |
|
|
|a 00045128
|
| 040 |
|
|
|c NLM
|d OCL
|d EUN
|d MDU
|d WQM
|d OCL
|d MBU
|d BD-DhAAL
|
| 082 |
0 |
0 |
|a 614.47083
|2 19
|
| 245 |
0 |
0 |
|a Universal child immunization by 1990 /
|c edited by P.-E. Mandl
|
| 260 |
|
|
|a Geneve, Suisse :
|b UNICEF,
|c c1985.
|
| 300 |
|
|
|a xxvi, 476 pages :
|b illustrations ;
|c 21 cm.
|
| 490 |
|
|
|x 0004-5128 ;
|v no. 69/72
|
| 504 |
|
|
|a Includes bibliographical references.
|
| 541 |
1 |
|
|e 2814
|
| 650 |
|
0 |
|a Immunization of children.
|9 41838
|
| 650 |
2 |
|
|a Immunization
|x in infancy & childhood.
|9 41839
|
| 650 |
2 |
|
|a Preventive Health Services.
|9 41840
|
| 700 |
|
|
|a Mandl, P.-E.
|q (Pierre-Emeric)
|9 41841
|
| 710 |
|
|
|a UNICEF.
|9 41842
|
| 852 |
4 |
|
|a Ayesha Abed Library
|j General Stacks
|
| 942 |
|
|
|2 ddc
|c BK
|
| 952 |
|
|
|0 0
|1 0
|2 ddc
|4 0
|6 614_470830000000000_UNI_1985
|7 0
|9 338
|a BRACUL
|b BRACUL
|c GEN
|d 2009-05-04
|g 0.00
|l 0
|o 614.47083 UNI
|p 3010002814
|r 2009-05-04
|t 1
|w 2009-05-04
|y BK
|x No price found in the accession register.
|